Statistics for People Born Each Year 1876-1900

Click here to take the quiz!

General Stats

  • This quiz has been taken 48 times
  • The average score is 14 of 25

Answer Stats

Answer% Correct
Adolf Hitler
100%
Albert Einstein
98%
Joseph Stalin
93%
Mao Zedong
93%
Dwight D. Eisenhower
91%
Franklin D. Roosevelt
88%
Benito Mussolini
74%
Harry S. Truman
72%
Pablo Picasso
70%
Elizabeth the Queen Mother
67%
Amelia Earhart
63%
T. E. Lawrence
63%
Ernest Hemingway
60%
Erwin Rommel
58%
George S. Patton
49%
George VI
49%
Francisco Franco
47%
Nikita Khruschev
37%
Chiang Kai-shek
33%
Helen Keller
30%
Enzo Ferrari
23%
F. Scott Fitzgerald
16%
Muhammad Ali Jinnah
14%
Diego Rivera
7%
Muhammad Iqbal
2%

Score Distribution

Percentile by Number Answered

Percent of People with Each Score

Your Score History

You have not taken this quiz